Ελληνικά δημοτικά τραγούδια
Αποθηκεύτηκε σε:
| Άλλοι συγγραφείς: | |
|---|---|
| Μορφή: | Βιβλίο |
| Γλώσσα: | Greek |
| Δημοσίευση: |
Αθήνα :
Παπαδημητρίου,
1953.
|
| Σειρά: | 100 αθάνατα έργα
; 45 |
| Θέματα: | |
| Ετικέτες: |
Προσθήκη ετικέτας
Δεν υπάρχουν, Καταχωρήστε ετικέτα πρώτοι!
|
MARC
| LEADER | 00000nam a2200000 a 4500 | ||
|---|---|---|---|
| 001 | 1/125530 | ||
| 008 | 221020s1953####gr | ||| |||| ||gre|| | ||
| 040 | |a GR-MyUa |b gre |c GR-MyUa |e AACR2 | ||
| 041 | 0 | |a gre | |
| 082 | 7 | |a 782.42162 |2 (23) | |
| 245 | 0 | 0 | |a Ελληνικά δημοτικά τραγούδια / |c επιμέλεια και εκλογή: Νίκου Παππά. |
| 260 | |a Αθήνα : |b Παπαδημητρίου, |c 1953. | ||
| 300 | |a 182 σ. ; |c 24 εκ. | ||
| 490 | 1 | |a (100 Αθάνατα έργα ) ; |v 45 | |
| 650 | 0 | |a Folk songs, Greek |z Greece. | |
| 650 | 0 | |a Folk music. | |
| 650 | 0 | |a Folk songs, Greek (Modern) |x Collections. | |
| 700 | 1 | |a Παππάς, Νίκος, |e edt | |
| 830 | 0 | |a 100 αθάνατα έργα |v ; 45 | |
| 970 | |a Σιδερή |b Νεκταρία |z 2022/10/20 | ||